| Tag |
First Indicator |
Second Indicator |
Subfields |
| LEADER |
00000cgm a2200000Ia 4500 |
| 001 |
in00002540607 |
| 005 |
20151113132414.0 |
| 007 |
vd cvaizk |
| 008 |
100104p20092007xxc163 vlfre d |
| 024 |
1 |
|
|a 747313527151
|
| 028 |
4 |
1 |
|a 2.110271
|b Naxos
|
| 035 |
|
|
|a (OCoLC)ocn495734936
|
| 035 |
|
|
|a (OCoLC)495734936
|
| 040 |
|
|
|a RES
|c RES
|d RES
|d UNL
|d TXA
|d UtOrBLW
|
| 041 |
1 |
|
|d fre
|j eng
|j fre
|g eng
|g fre
|g ger
|
| 049 |
|
|
|a TXAM
|
| 090 |
|
|
|a M1500.B5
|b B462 2009
|
| 100 |
1 |
|
|a Berlioz, Hector,
|d 1803-1869.
|
| 245 |
1 |
0 |
|a Benvenuto Cellini :
|b /
|c music by Hector Berlioz ; libretto by Léon de Wailly and Auguste Barbier, inspired by Cellini's autobiography ; a production of Unitel in co-production with ZDF/3sat and Classica in co-operation with the Salzburg Festival.
|
| 264 |
|
1 |
|a [Canada] :
|b Naxos ;
|a [Germany] :
|b Unitel,
|c 2009.
|
| 300 |
|
|
|a 1 videodisc (163 min.) :
|b sound, color ;
|c 4 3/4 in. +
|e 1 booklet.
|
| 336 |
|
|
|a two-dimensional moving image
|b tdi
|2 rdacontent
|
| 337 |
|
|
|a video
|b v
|2 rdamedia
|
| 338 |
|
|
|a videodisc
|b vd
|2 rdacarrier
|
| 538 |
|
|
|a DVD; NSTC; aspect ratio 16:9; soundtracks in Dolby digital 2.0 stereo., Dolby Surround 5.0, DTS 5.0.
|
| 546 |
|
|
|a Sung in French, with optional subtitles in English and French.
|
| 511 |
0 |
|
|a Burkhard Fritz (Cellini) ; Maija Kovalevska (Teresa) ; Laurent Naouri (Fireamosca) ; Brindley Sherratt (Balducci) ; Mikhail Petrenko (Pope Clement VII) ; Kate Aldrich (Ascanio) ; Xavier Mas (Francesco) ; Roberto Tagliavini (Bernardino) ; Adam Plachetka (Pompeo) ; Sung-Keun Park (Innkeeper) ; Wiener Philharmoniker ; Konzertvereinigung Wiener Staatsopernchor ; Valery Gergiev, conductor.
|
| 508 |
|
|
|a Video director, Andreas Morell ; producer, Bernhard Fleischer ; stage director and set design, Philipp Stölzl.
|
| 500 |
|
|
|a Opera in two acts.
|
| 518 |
|
|
|a Recorded in performance at the Grosse Festspielhaus, Salzburg, as part of the 2007 Salzburg Festival, Aug. 5, 10, and 15, 2007.
|
| 500 |
|
|
|a Program notes and synopsis in English, French, and German (23 pages : ill. ; 18 cm.) inserted in container.
|
| 520 |
|
|
|a Based on events in the life of artist/goldsmith Benevenuto Cellini in the year 1532.
|
| 500 |
|
|
|a Videorecording.
|
| 650 |
|
0 |
|a Operas.
|
| 655 |
|
7 |
|a Filmed operas.
|2 lcgft
|
| 600 |
1 |
0 |
|a Cellini, Benvenuto,
|d 1500-1571
|v Drama.
|
| 700 |
1 |
|
|a Wailly, Léon de,
|d 1804-1863.
|
| 700 |
1 |
|
|a Barbier, Auguste,
|d 1805-1882.
|
| 700 |
1 |
|
|a Fritz, Burkhard,
|d 1970-
|e performer.
|
| 700 |
1 |
|
|a Kovalevska, Maĭi͡a,
|e performer.
|
| 700 |
1 |
|
|a Naouri, Laurent,
|d 1964-
|e performer.
|
| 700 |
1 |
|
|a Sherratt, Brindley,
|e performer.
|
| 700 |
1 |
|
|a Petrenko, Mikhail,
|d 1976-
|e performer.
|
| 700 |
1 |
|
|a Aldrich, Kate,
|e performer.
|
| 700 |
1 |
|
|a Mas, Xavier
|c (Tenor),
|e performer.
|
| 700 |
1 |
|
|a Tagliavini, Roberto,
|d 1976-
|e performer.
|
| 700 |
1 |
|
|a Plachetka, Adam,
|d 1985-
|e performer.
|
| 700 |
1 |
|
|a Park, Sung-Keun
|c (Tenor),
|e performer.
|
| 700 |
1 |
|
|a Gergiev, Valeriĭ,
|d 1953-
|e conductor.
|
| 700 |
1 |
|
|a Stölzl, Philipp.
|
| 700 |
1 |
|
|a Morell, Andreas.
|
| 700 |
1 |
|
|a Fleischer, Bernhard.
|
| 710 |
2 |
|
|a Wiener Philharmoniker,
|e performer.
|
| 710 |
2 |
|
|a Konzertvereinigung Wiener Staatsopernchor,
|e performer.
|
| 710 |
2 |
|
|a Unitel Video (Firm)
|
| 710 |
2 |
|
|a Zweites Deutsches Fernsehen.
|
| 710 |
2 |
|
|a 3sat (Firm)
|
| 710 |
2 |
|
|a Unitel Classica (Firm)
|
| 711 |
2 |
|
|a Salzburger Festspiele.
|
| 994 |
|
|
|a C0
|b TXA
|
| 948 |
|
|
|a cataloged
|b h
|c 2010/1/20
|d c
|e blrosas
|f 10:47:49 am
|
| 999 |
|
|
|a MARS
|
| 999 |
f |
f |
|s fc1918ae-8112-3484-b764-2f1feadd7962
|i 9d2476c7-dd54-3f3b-95ab-280e3d6d7071
|t 0
|
| 952 |
f |
f |
|p ric
|a Texas A&M University
|b Rellis Campus
|c Joint Library Facility
|d Remote Storage
|t 0
|e M1500.B5 B462 2009
|h Library of Congress classification
|i video -- videodisc
|m A14838053343
|
| 998 |
f |
f |
|a M1500.B5 B462 2009
|t 0
|l Remote Storage
|